Johannes Kepler: 1571-1971

Furkejuvvon:
Bibliográfalaš dieđut
Materiálatiipa: Girji
Giella:espánnjágiella
Almmustuhtton: Múnich Inter Nationes Bonn-Bad Godesberg 1971
Preanttus:1a. ed
Fáttát:
Fáddágilkorat: Lasit fáddágilkoriid
Eai fáddágilkorat, Lasit vuosttaš fáddágilkora!

MARC

LEADER 00000cam a2200000 a 4500
001 UCD4096
003 CL-VaPUC
008 160623e19710000gw |||||||||||||||||spa|d
082 0 4 |a 523  |b JOH  |2 21 
245 1 0 |a Johannes Kepler: 1571-1971 
250 |a 1a. ed 
300 |a 50 p 
942 |c BK 
945 |d 20160623 20:48:00  |a arojas 
260 |a Múnich  |b Inter Nationes Bonn-Bad Godesberg  |c 1971 
600 0 7 |a KEPLER, JOHANN, 1571-1630  |2 CL-VaPUC  |9 548405 
650 0 |a Cosmografía  |9 255932 
650 0 |a Astronáutica  |y Siglo 17   |9 587706 
583 |a last modification  |c 20160623 20:48:00  |k Rodrigo Vera 
999 |c 365042  |d 365040 
952 |0 0  |1 0  |3 erb  |4 0  |6 523_000000000000000_JOH_1971  |7 0  |8 A  |9 478738  |a FDOHBE  |b FDOHBE  |e Huesbe Llanos, Marco Antonio, 1934-  |i 5333997  |o 523 JOH 1971  |p 5333997  |r 2024-01-30  |w 2019-11-24  |y BK  |z Catalogado en:20160623  |k HBE